000 00510nam a2200169 4500
001 6530
020 0 0 _a9789937865012
110 _aWWF Nepal and CARE Nepal.
_b
_c
_d
_e
_n
_p
245 0 0 _aVulnerability assessment and adaptation planning :
_btraining of trainers manual /
_c
_h
260 0 0 _aNepal :
_bWWF Nepal and CARE Nepal,
_c2014.
300 0 0 _a104 p.: col.ill ; 39 cm.
500 _aAt head of title: Hariyo Ban Program.
650 0 0 _a
_x
650 0 0 _a
_x
650 0 0 _a
_x
999 _c5503
_d5503